Foundations of structural geology / (Record no. 1432)

MARC details
000 -LEADER
fixed length control field 00527nam a22002057a 4500
003 - CONTROL NUMBER IDENTIFIER
control field OSt
005 - DATE AND TIME OF LATEST TRANSACTION
control field 20150414142837.0
008 - FIXED-LENGTH DATA ELEMENTS--GENERAL INFORMATION
fixed length control field 150414b xxu||||| |||| 00| 0 eng d
020 ## - INTERNATIONAL STANDARD BOOK NUMBER
International Standard Book Number 0412644002
040 ## - CATALOGING SOURCE
Transcribing agency 040a
082 ## - DEWEY DECIMAL CLASSIFICATION NUMBER
Classification number 551
Item number PAR 1997
100 ## - MAIN ENTRY--PERSONAL NAME
Personal name Park, R.G
9 (RLIN) 3787
245 ## - TITLE STATEMENT
Title Foundations of structural geology /
Statement of responsibility, etc. R. G Park
250 ## - EDITION STATEMENT
Edition statement 3rd. ed
260 ## - PUBLICATION, DISTRIBUTION, ETC. (IMPRINT)
Place of publication, distribution, etc. London
Name of publisher, distributor, etc. Chapman & hall
Date of publication, distribution, etc. 1997
300 ## - PHYSICAL DESCRIPTION
Extent xii, 202p ;
Other physical details col.ill :
Dimensions 10 cm
504 ## - BIBLIOGRAPHY, ETC. NOTE
Bibliography, etc includes index
650 ## - SUBJECT ADDED ENTRY--TOPICAL TERM
Topical term or geographic name as entry element Geology
9 (RLIN) 3788
942 ## - ADDED ENTRY ELEMENTS (KOHA)
Source of classification or shelving scheme Dewey Decimal Classification
Koha item type Short Loan
Holdings
Withdrawn status Lost status Source of classification or shelving scheme Damaged status Not for loan Home library Current library Date acquired Inventory number Total Checkouts Full call number Barcode Date last seen Price effective from Koha item type Source of acquisition
    Dewey Decimal Classification     MUST Main Library MUST Main Library 14/04/2015 2002/17650   551 PAR 1997 2015-0941 14/04/2015 14/04/2015 Short Loan  
    Dewey Decimal Classification     MUST Main Library MUST Main Library 22/11/2021 02/17648   551 PAR 1997 2021-1791 14/04/2015 14/04/2015 Open Shelf Purchase